Chemical kinetics (Record no. 15004)

000 -LEADER
fixed length control field 00504nam a22001937a 4500
001 - CONTROL NUMBER
control field 15004
003 - CONTROL NUMBER IDENTIFIER
control field BD-DhUET
008 - FIXED-LENGTH DATA ELEMENTS--GENERAL INFORMATION
fixed length control field 150310b xxu||||| |||| 00| 0 eng d
040 ## - CATALOGING SOURCE
Original cataloging agency DLC
Transcribing agency DLC
Modifying agency BD-DhUET
082 ## - DEWEY DECIMAL CLASSIFICATION NUMBER
Classification number 541.394
Item number LAI/1965
100 ## - MAIN ENTRY--PERSONAL NAME
Personal name Laidler, Keith J.
245 ## - TITLE STATEMENT
Title Chemical kinetics
250 ## - EDITION STATEMENT
Edition statement 2nd ed.
260 ## - PUBLICATION, DISTRIBUTION, ETC. (IMPRINT)
Place of publication, distribution, etc. New Delhi
Name of publisher, distributor, etc. Tata McGraw-Hill
Date of publication, distribution, etc. 1965
300 ## - PHYSICAL DESCRIPTION
Extent viii,566p.
Other physical details illus.
504 ## - BIBLIOGRAPHY, ETC. NOTE
Bibliography, etc Includes bibliographies
650 #0 - SUBJECT ADDED ENTRY--TOPICAL TERM
Topical term or geographic name as entry element Kinetics : Reactions : Chemistry
942 ## - ADDED ENTRY ELEMENTS (KOHA)
Koha item type General Book
Holdings
Koha full call number Not for loan Koha date last seen Sublocation or collection (holding branch) Location (home branch) Koha item type Price effective from Lost status Koha normalized classification for sorting Source of classification or shelving scheme Copy number Withdrawn status Piece designation (barcode) Damaged status Date acquired Shelving location
541.394/LAI/1965 2015-03-10Central Library, BUETCentral Library, BUETGeneral Book2015-03-10 541_394000000000000_LAI_1965 1 33559 2015-03-10Circulation section
541.394/LAI/1965 2015-03-14Central Library, BUETCentral Library, BUETGeneral Book2015-03-14 541_394000000000000_LAI_1965 2 58458 2015-03-14Circulation section
541.394/LAI/1965 2025-11-29Central Library, BUETCentral Library, BUETGeneral Book2015-03-14 541_394000000000000_LAI_1965 3 58454 2015-03-14Circulation section
541.394/LAI/1965 2015-03-14Central Library, BUETCentral Library, BUETGeneral Book2015-03-14 541_394000000000000_LAI_1965 4 58460 2015-03-14Circulation section
541.394/LAI/1965 2015-03-14Central Library, BUETCentral Library, BUETGeneral Book2015-03-14 541_394000000000000_LAI_1965 5 29718 2015-03-14Circulation section